Welcome to the Holygrace Academy Library

Please use search bar below to get started

AMBEDKAR (Record no. 5678)

MARC details
000 -LEADER
fixed length control field 00286nam a22001337a 4500
020 ## - INTERNATIONAL STANDARD BOOK NUMBER
ISBN 921
082 ## - DEWEY DECIMAL CLASSIFICATION NUMBER
Classification number 921
Item number THA/A
100 ## - MAIN ENTRY--AUTHOR NAME
Personal name THAROOR,SHASHI
245 ## - TITLE STATEMENT
Title AMBEDKAR
260 ## - PUBLICATION, DISTRIBUTION, ETC. (IMPRINT)
Place of publication NEW DELHI
Name of publisher ALEPH BOOOK COMPANY
300 ## - PHYSICAL DESCRIPTION
Number of Pages 226
650 ## - SUBJECT ADDED ENTRY--TOPICAL TERM
Topical Term LIFE OF AMBEDKAR
Geographic subdivision NEW DELHI
942 ## - ADDED ENTRY ELEMENTS (KOHA)
Koha item type Books
Holdings
Withdrawn status Lost status Collection code Home library Current library Shelving location Date acquired Source of acquisition Full call number Accession Number Koha item type
    Non-fiction Main Library Main Library SHELF-17-J-BIOGRAPHIES & AUTOBIOGRAPHIES 12/11/2022 PURCHASE 921 THA/A 012738 Books